Census 2010: Counties of Maryland by Population Quiz Stats

 Plays Quiz not verified by Sporcle

Challenge
Share
Tweet
Embed
Score 0/24 Timer 06:00
0 Plays Today
Population County (or Independent City) % Correct
971,777Montgomery County
100%
863,420Prince George's County
97.8%
805,029Baltimore County
96.6%
537,656Anne Arundel County
92.1%
620,961Baltimore City
89.9%
287,085Howard County
89.9%
244,826Harford County
80.9%
233,385Frederick County
78.7%
147,430Washington County
70.8%
146,551Charles County
70.8%
167,134Carroll County
68.5%
105,151St. Mary's County
67.4%
Population County (or Independent City) % Correct
101,108Cecil County
65.2%
98,733Wicomico County
65.2%
20,197Kent County
64%
88,737Calvert County
58.4%
37,782Talbot County
55.1%
32,618Dorchester County
55.1%
30,097Garrett County
55.1%
47,798Queen Anne's County
53.9%
51,454Worcester County
52.8%
75,087Allegany County
51.7%
26,470Somerset County
49.4%
33,066Caroline County
46.1%

You're not logged in!

Compare scores with friends on all Sporcle quizzes.
OR
Log In

You Might Also Like...

Show Comments

Extras

Top Quizzes Today


Score Distribution

Your Account Isn't Verified!

In order to create a playlist on Sporcle, you need to verify the email address you used during registration. Go to your Sporcle Settings to finish the process.

Report this User

Report this user for behavior that violates our Community Guidelines.

Details: